Statistiques concernant Quelles sont ces phobies ?

Cliquez ici pour prendre le quiz!

Statistiques générales

  • Ce quiz a été pris 340 fois
  • Le résultat moyen est 6 sur 12

Statistiques - réponses

HintAnswer% Correct
HématophobiePeur du contact et de la vue du sang
85%
OrnithophobiePeur des oiseaux
71%
SqualophobiePeur des requins
68%
HippophobiePeur des chevaux (des équidés)
66%
MycophobiePeur des champignons
62%
ApiphobiePeur des abeilles
54%
NécrophobiePeur des cadavres
42%
AcrophobiePeur des hauteurs
36%
CuniculophobiePeur des lapins
35%
AutophobiePeur de la solitude
20%
ParaskevidékatriaphobiePeur du vendredi 13
14%
BrontophobiePeur du tonnerre
8%

Distribution des résultats

Percentile par nombre de réponses

% des personnes avec chaque résultat

Votre développement - résultats

Vous n’avez pas pris ce quiz